000 00493nam a2200205Ia 4500
005 20240823033218.0
008 240823s9999||||xx |||||||||||||| ||und||
020 _a978-81-31-2710-2
041 _aENGLISH
082 _A547.0028 Q1
100 _aMann F G
245 0 _aPractical Organic Chemistry
250 _a4th
260 _c2011
_bPearson Education Internat
500 _aTRANSFERED
650 _aOrganic
_bChemistry
700 _a Saunders B C
942 _cBK
999 _c195278
_d195278